[Geometry Dash] Countries With Most Players - Statistics

General Stats
  • This quiz has been taken 50 times
  • The average score is 73 of 107
Answer Stats
Players Country % Correct
1491 USA
100%
269 Canada
97%
381 Russia
97%
12 India
94%
123 Mexico
94%
235 UK
94%
97 Brazil
91%
196 France
91%
140 Germany
91%
205 South Korea
91%
64 Sweden
91%
127 Australia
88%
55 China
88%
187 Poland
85%
27 Portugal
85%
18 Japan
82%
48 Norway
82%
178 Spain
82%
88 Argentina
79%
17 Indonesia
79%
1 Algeria
76%
97 Finland
76%
7 Iceland
76%
27 Ireland
76%
68 Italy
76%
22 Turkey
76%
18 Belgium
74%
41 Colombia
74%
3 Egypt
74%
1 Iran
74%
5 Iraq
74%
9 Malaysia
74%
37 New Zealand
74%
72 Ukraine
74%
1 Albania
71%
29 Denmark
71%
20 Estonia
71%
24 Greece
71%
7 Guatemala
71%
31 Israel
71%
67 Netherlands
71%
8 Pakistan
71%
75 Peru
71%
27 Philippines
71%
5 Saudi Arabia
71%
18 Switzerland
71%
5 Taiwan
71%
9 UAE
71%
85 Chile
68%
7 Dominican Republic
68%
13 Ecuador
68%
1 Luxembourg
68%
5 Morocco
68%
2 Nigeria
68%
23 Slovakia
68%
5 South Africa
68%
12 Thailand
68%
30 Venezuela
68%
8 Armenia
65%
20 Austria
65%
20 Bulgaria
65%
9 El Salvador
65%
16 Hungary
65%
13 Latvia
65%
24 Lithuania
65%
40 Romania
65%
3 Slovenia
65%
8 Uruguay
65%
43 Vietnam
65%
16 Belarus
62%
3 Bosnia and Herzegovina
62%
11 Costa Rica
62%
4 Cuba
62%
6 Georgia
62%
3 Jordan
62%
20 Kazakhstan
62%
4 Montenegro
62%
1 Oman
62%
8 Panama
62%
26 Serbia
62%
13 Singapore
62%
2 Azerbaijan
59%
1 Bangladesh
59%
59 Czechia
59%
4 Haiti
59%
3 Laos
59%
3 Uzbekistan
59%
2 Kosovo
56%
2 Lebanon
56%
1 Malta
56%
7 Moldova
56%
2 Turkmenistan
56%
1 Andorra
53%
4 Bolivia
53%
7 Croatia
53%
1 Mongolia
53%
1 North Macedonia
53%
5 Paraguay
53%
2 Tunisia
53%
1 Guyana
50%
8 Honduras
50%
4 Jamaica
50%
2 Kuwait
44%
1 Somalia
41%
2 Bahrain
38%
4 Palestine
35%
2 Trinidad and Tobago
35%
No matching quizzes found
Score Distribution
Percent of People with Each Score
Percentile by Number Answered
Your Score History
You have not taken this quiz